Autoeficacia social en ingresantes universitarios : su relación con el rendimiento y la deserción académica (Record no. 146453)
[ view plain ]
| 000 -CABECERA | |
|---|---|
| campo de control de longitud fija | 00591nab a2200169 a 4500 |
| 005 - FECHA Y HORA DE LA ÚLTIMA TRANSACCIÓN | |
| campo de control | 20210223131212.0 |
| 008 - ELEMENTOS DE LONGITUD FIJA--INFORMACIÓN GENERAL | |
| campo de control de longitud fija | 991125s1985 mx 000 0 spa u |
| 035 ## - NÚMERO DE CONTROL DEL SISTEMA | |
| Número de control de sistema | UPN01000174349 |
| 100 1# - ASIENTO PRINCIPAL--NOMBRE PERSONAL | |
| Nombre de persona | Medrano, Leonardo Adrián |
| 9 (RLIN) | 41436 |
| 222 ## - TÍTULO CLAVE | |
| Título clave | REVISTA DE PSICOLOGIA GENERAL Y APLICADA |
| 245 ## - MENCIÓN DE TÍTULO | |
| Título | Autoeficacia social en ingresantes universitarios : su relación con el rendimiento y la deserción académica |
| 260 ## - PUBLICACIÓN, DISTRIBUCIÓN, ETC. | |
| Lugar de publicación, distribución, etc. | Santiago de Compostela, España |
| 653 0# - TERMINO DE INDIZACION - NO CONTROLADO | |
| Término no controlado | AUTOEFICACIA SOCIAL |
| 653 0# - TERMINO DE INDIZACION - NO CONTROLADO | |
| Término no controlado | ESTUDIANTE UNIVERSITARIO |
| 653 0# - TERMINO DE INDIZACION - NO CONTROLADO | |
| Término no controlado | RENDIMIENTO ACADEMICO |
| 905 ## - TIPO DE MATERIAL | |
| Tipo de material | Articulo |
No items available.
